Statistics for Famous Dates in History

Click here to take the quiz!

General Stats

  • This quiz has been taken 33 times
  • The average score is 6 of 20

Answer Stats

Historical EventDate% Correct
World War I ended with the signing of the Armistice11/11/1918
64%
Pearl Harbor was attacked by the Japanese07/12/1941
59%
An atomic bomb was dropped on the Japanese city of Hiroshima06/08/1945
55%
Two planes crashed into the World Trade Center complex in New York City11/09/2001
55%
The Allies landed in Normandy (D-Day)06/06/1944
50%
Donald Trump was sworn in as US President20/01/2017
36%
The Bastille was stormed during the French Revolution14/07/1789
32%
US President John F Kennedy was assassinated22/11/1963
32%
Gavrilo Princip assassinated Archduke Franz Ferdinand28/06/1914
32%
The Beijing Summer Olympics began08/08/2008
27%
Adolf Hitler committed suicide30/04/1945
27%
The fall of the Berlin Wall began09/11/1989
18%
The Titanic hit an iceberg and sank15/04/1912
18%
Napoleon was defeated at the Battle of Waterloo18/06/1815
18%
Neil Armstrong and Buzz Aldrin landed on the moon20/07/1969
18%
Playwright William Shakespeare died23/04/1616
18%
Thousands gathered in the US capital for the March on Washington28/08/1963
14%
Saigon was captured by North Vietnamese forces, ending the Vietnam War30/04/1975
14%
The People's Republic of China was founded by Mao Zedong01/10/1949
9%
The United Nations was founded24/10/1945
9%

Score Distribution

Percentile by Number Answered

Percent of People with Each Score

Your Score History

You have not taken this quiz